| 000 | 01788nam0a2200385 4500 | ||
|---|---|---|---|
| 001 | RU\NLR\BIBL_A\022282511 | ||
| 005 | 20250627144800.0 | ||
| 010 |
_a978-5-17-163259-5 _93000 |
||
| 021 |
_aRU _bКН-П-24-033125 _9КН-П-24-3348 |
||
| 035 | _a(NLR Aleph) 022282511 | ||
| 090 |
_a13445450 _c13445450 |
||
| 100 | _a20240723d2024 u y0rusy50 ca | ||
| 101 | 1 |
_arus _cund |
|
| 102 | _aRU | ||
| 105 | _aa|||z|||000ay | ||
| 181 | 0 |
_ai3 _baxxe |
|
| 181 | 0 |
_ab1 _bbb2e |
|
| 182 | 0 | _an | |
| 200 | 1 |
_aСборщик душ _e[антология _eперевод] _fавт.-сост.: Мелисса Марр, Тим Пратт _gиллюстрации Чарльза Весса |
|
| 203 |
_aТекст _aИзображение _bвизуальные _cнепосредственные |
||
| 210 |
_aМосква _cАСТ _d2024 |
||
| 215 |
_a478, [1] с. _cил. _d21 |
||
| 225 | 1 | _aСерия "Гейман: книжная полка" | |
| 300 | _aНа тит. с. и корешке авт.: Нил Гейман | ||
| 300 | _aНа обл. авт.: Нил Гейман, Холли Блэк, Ками Гарсия [и др.] | ||
| 327 | 0 | _aСодерж.: авт.: Кэрри Райан, Чарльз Весс, Гарт Никс, Нил Гейман, Тим Пратт, Холли Блэк, Рик Янси, Маргарет Штоль, Мелисса Марр, Келли Армстронг [и др.] | |
| 333 | _a18+ | ||
| 686 | 1 | _aШ6(0)934.21-445.5я43{Лх150-62} | |
| 702 | 1 |
_aМарр _bМ. _gМелисса _4220 |
|
| 702 | 1 |
_aВесс _bЧ. _f1951- _gЧарльз _3RU\NLR\AUTH\770147140 _4440 |
|
| 942 | _cBOOK | ||
| 980 | _aNB | ||